| 000 | 00581nam a2200181Ia 4500 | ||
|---|---|---|---|
| 008 | 090630s9999 xx 000 0 und d | ||
| 082 | _b21453 | ||
| 100 | _aगानू श्वेता. | ||
| 245 |
_aजे. आर. डी. टाटा. _cगानू श्वेता. |
||
| 260 |
_bदिलीप. _c1999 |
||
| 300 | _a40 | ||
| 600 | _aगानू श्वेता. | ||
| 630 | _aजे. आर. डी. टाटा. | ||
| 655 | _aइतर. | ||
| 700 | _aगानू श्वेता. | ||
| 730 | _aजे. आर. डी. टाटा. | ||
| 942 | _cBOOK | ||
| 999 |
_c273309 _d273309 |
||